Представление документа в формате MARC21

Поле Инд. ПП Название Значение
Тип записи a
Библиографический уровень m
001 Контрольный номер RU/LIBMSTU/440089585
005 Дата корректировки 20160127104201.6
008 Кодируемые данные 131211|||||||||ru |||||||||||000|||rus||
020 a ISBN 978-5-86185-749-9
040 b Код языка каталог. rus
041 0_ a Код языка текста rus
084 a Индекс другой классификации/Индекс ББК 39.7я7+35.514я7
090 a Полочн. индекс 39.7
x Авторский знак М 86
100 1_ a Автор Мохов Г. В.
110 2_ a Организация/ юрисдикция Мурманский государственный технический университет
245 10 a Заглавие Технологическое оборудование газонефтепроводов и газонефтехранилищ
b Продолж. заглавия учеб. пособие для колледжей
c Ответственность Федер. агентство по рыболовству, ФГБОУ ВПО "Мурман. гос. техн. ун-т"
260 a Место издания Мурманск
b Издательство Изд-во МГТУ
c Дата издания 2013
300 a Объем 79 с.
b Иллюстрации/ тип воспроизводства ил.
440 _0 a Серия Колледж
500 a Примечание Имеется электронный аналог 2013 г.
504 a Библиография Библиогр.: с. 78-79
583 1_ x Служебное примечание Специальности нефтегазового профиля. СПО
650 14 a Основная рубрика Нефтегазопроводы-Технологическое оборудование-Учебные издания для среднего профессионального образования
653 0_ a Ключевые слова Газонефтепроводы; Газонефтехранилища; Защита трубопроводов от коррозии; Нефтегазовая промышленность; Нефтеперекачивающие станции; Сварка трубопроводов; Технологическое оборудование газонефтепроводов; Технологическое оборудование газонефтехранилищ; Станции компрессорные; Строительство трубопроводов; Трубопроводы
901 t Тип документа m
952 b Гриф литературы для ВШ Допущено Советом колледжа
c Вид литературы учебное пособие